000 00315nam a22001217a 4500
008 180606b xxu||||| |||| 00| 0 eng d
041 _aeng
080 _a043.3
100 _a0
101 _aMBE-BTH
245 _aImplementimi i platformës elektronike E-Learning në shkollat e mesme
_cBekteshi,F
942 _2udc
_cBK
999 _c46422
_d46422